| 000 | 00381nam a22001577a 4500 | ||
|---|---|---|---|
| 005 | 20180412151104.0 | ||
| 008 | 160511b xxu||||| |||| 00| 0 eng d | ||
| 041 | _aeng | ||
| 082 |
_b1329 _a348 |
||
| 100 |
_aShukla TN _9480 |
||
| 245 | _aEffective business communication | ||
| 260 |
_bBlue line Printing Industrial _c2003 |
||
| 300 | _a79 | ||
| 650 |
_aManagement _9241 |
||
| 942 | _cBK | ||
| 999 |
_c592 _d592 |
||